000 00586nam a22001697a 4500
003 OSt
005 20250703013840.0
008 250703b |||||||| |||| 00| 0 eng d
020 _a9786214270217
040 _aDWCL - Main lib
_cOC
082 _aFil. 941.25 A712l 2018
100 _aAriola, Mariano A.
245 _aThe life and works of Rizal (new general education curriculum compliant)/
_cMariano A. Ariola
260 _aManila :
_bUnlimited Books Library Services & Publishing,
_cc2018.
300 _avii, 244 pages :
_b illustrations ;
_c26 cm.
942 _2ddc
_cBK - FIL
_kFil.
_n0
999 _c3357
_d3357